000
00286nam a22001217a 4500
008
210301b ||||| |||| 00| 0 eng d
041
_a
eng
080
_a
030
100
_a
23
101
_a
ENC
245
_a
The Encyclopedia of Philosophy-Volumes 7 and 8
_c
Edwards,P
942
_2
udc
_c
BK
999
_c
55343
_d
55343